000 00662nam a2200253Ia 4500
003 OSt
005 20221005114013.0
006 a|||||r|||| 00| 0
007 ta
008 221004b |||||||| |||| 00| 0 eng d
024 _a53204
037 _cTextual
040 _aCRL
_cCRL
_beng
041 _2eng
_aeng
082 _aNQ73, 32K4
100 _aFlexner James Thomas Au.
_9625309
245 0 _aAmerican chitrakala
260 _c1964
650 _a PAINTING
_934359
650 _aARTS
700 _a Venniyoor E M J Tr.
942 _hNQ73, 32K4
_cTEXL
_2cc
999 _c1029993
_d1029993